000 00785nam a2200217 u 4500
005 20241023063844.0
008 090617s2007 es r 000 0 spa d
020 _a9788471978783
035 _aUPN01000171222
049 _aCG
050 4 _aLC314
_bA6.7
245 0 0 _aAprender a convivir :
_bun reto para la educación secundaria obligatoria /
_ccoord. Pello Ayerbe Echeberría ; colab. Ma. Angeles Balsels Bailón.
260 _aLas Rozas, Esp. :
_bWolters Kluwer,
_c2007.
300 _a295 p. :
_bgráfs., cuadros
440 0 _aEducación
650 4 _aValores
_xEstudio y enseñanza (Secundaria)
_9313
650 4 _aEDUCACION SECUNDARIA -
_zESPAÑA
_98081
700 1 _aAyerbe Echeberría, Pello,
_ecoord.
700 1 _aBalsels Bailón, María Angeles,
_ecolab.
905 _aLibro
999 _c143327
_d143327